<?xml version="1.0" encoding="UTF-8"?>
<record
    xmlns:xsi="http://www.w3.org/2001/XMLSchema-instance"
    xsi:schemaLocation="http://www.loc.gov/MARC21/slim http://www.loc.gov/standards/marcxml/schema/MARC21slim.xsd"
    xmlns="http://www.loc.gov/MARC21/slim">

  <leader>00609nam a2200205Ia 4500</leader>
  <controlfield tag="001">67297</controlfield>
  <controlfield tag="003">OSt</controlfield>
  <controlfield tag="005">20150702103843.0</controlfield>
  <controlfield tag="008">150604s9999    xx            000 0 und d</controlfield>
  <datafield tag="020" ind1=" " ind2=" ">
    <subfield code="a">9789694964720</subfield>
  </datafield>
  <datafield tag="040" ind1=" " ind2=" ">
    <subfield code="c">PK-LaUMT</subfield>
  </datafield>
  <datafield tag="082" ind1=" " ind2=" ">
    <subfield code="a"> 891.4393</subfield>
    <subfield code="b">TAH-Z</subfield>
  </datafield>
  <datafield tag="100" ind1=" " ind2=" ">
    <subfield code="a">Tahirah Iqbal(&#x637;&#x627;&#x6C1;&#x631;&#x6C1; &#x627;&#x642;&#x628;&#x627;&#x644;)</subfield>
  </datafield>
  <datafield tag="245" ind1=" " ind2=" ">
    <subfield code="a">Zamen rung (Urdu)(&#x632;&#x645;&#x646; &#x631;&#x646;&#x6AF;)</subfield>
    <subfield code="c">Tahirah Iqbal(&#x637;&#x627;&#x6C1;&#x631;&#x6C1; &#x627;&#x642;&#x628;&#x627;&#x644;)</subfield>
  </datafield>
  <datafield tag="260" ind1=" " ind2=" ">
    <subfield code="a">Lahore,Pakistan:(&#x644;&#x627;&#x6C1;&#x648;&#x631;&#x60C; &#x67E;&#x627;&#x6A9;&#x633;&#x62A;&#x627;&#x646; )</subfield>
    <subfield code="b">Dogar Publishers,(&#x688;&#x648;&#x6AF;&#x631; &#x67E;&#x628;&#x644;&#x634;&#x631;&#x632;)</subfield>
    <subfield code="c">2014</subfield>
  </datafield>
  <datafield tag="300" ind1=" " ind2=" ">
    <subfield code="a">256 p.</subfield>
  </datafield>
  <datafield tag="546" ind1=" " ind2=" ">
    <subfield code="a">UR</subfield>
  </datafield>
  <datafield tag="650" ind1=" " ind2=" ">
    <subfield code="a">Urdu literature-</subfield>
  </datafield>
  <datafield tag="942" ind1=" " ind2=" ">
    <subfield code="c">BK</subfield>
    <subfield code="2">ddc</subfield>
  </datafield>
  <datafield tag="999" ind1=" " ind2=" ">
    <subfield code="c">72685</subfield>
    <subfield code="d">72685</subfield>
  </datafield>
  <datafield tag="952" ind1=" " ind2=" ">
    <subfield code="0">0</subfield>
    <subfield code="1">0</subfield>
    <subfield code="4">0</subfield>
    <subfield code="7">0</subfield>
    <subfield code="a">01</subfield>
    <subfield code="b">01</subfield>
    <subfield code="d">2015-06-03</subfield>
    <subfield code="l">2</subfield>
    <subfield code="o"> 891.4393 TAH-Z</subfield>
    <subfield code="p">90677</subfield>
    <subfield code="r">2017-03-27 00:00:00</subfield>
    <subfield code="s">2017-03-20</subfield>
    <subfield code="w">2015-06-05</subfield>
    <subfield code="y">BK</subfield>
  </datafield>
</record>
